[Event "COL-chT"]
[Site "Bucaramanga"]
[Date "2022.09.09"]
[Round "6.2"]
[White "Torres Cueto, Jesus Marcial"]
[Black "Perez Olarte, Cesar Camilo"]
[Result "0-1"]
[WhiteElo "2072"]
[BlackElo "2301"]
[PlyCount "98"]
[EventDate "2022.09.06"]
[EventType "team-swiss"]
[EventRounds "7"]
[EventCountry "COL"]
[SourceTitle "CBM 210 Extra"]
[Source "ChessBase"]
[SourceDate "2022.11.30"]
[SourceVersion "1"]
[SourceVersionDate "2022.11.30"]
[SourceQuality "1"]
[WhiteTeam "Bolivar"]
[BlackTeam "Cundinamarca II"]
[WhiteTeamCountry "COL"]
[BlackTeamCountry "COL"]

1. d4 Nf6 2. c4 e6 3. Nf3 Bb4+ 4. Bd2 a5 5. e3 b6 6. Bd3 Bb7 7. 0-0 0-0 8. Qe2 d5 9. Bc1 Bd6 10. Nc3 Ne4 11. Nb5 Be7 12. Qc2 Na6 13. a3 c5 14. Rd1 Nf6 15. Ne5 cxd4 16. Nxd4 Qc7 17. Nef3 Rac8 18. cxd5 Qxc2 19. Bxc2 Bxd5 20. Bb3 Nc5 21. Bxd5 Nxd5 22. Bd2 a4 23. Be1 Bf6 24. Rac1 Rfd8 25. Kf1 h5 26. g3 g5 27. h3 e5 28. Nb5 g4 29. hxg4 hxg4 30. Nd2 e4 31. Nd4 Bxd4 32. exd4 Nd3 33. Rxc8 Rxc8 34. Nxe4 Nxb2 35. Rd2 Nc4 36. Ra2 f5 37. Nc3 Nxc3 38. Bxc3 Ne3+ 39. fxe3 Rxc3 40. Ke2 Rb3 41. Kd2 b5 42. Rc2 Rxa3 43. Rb2 f4 44. exf4 Rxg3 45. Rxb5 a3 46. Kc2 Rg2+ 47. Kd3 a2 48. Ra5 g3 49. Ke3 Rb2 0-1

[Event "COL-chT"]
[Site "Bucaramanga"]
[Date "2022.09.07"]
[Round "2.1"]
[White "Perez Olarte, Cesar Camilo"]
[Black "Gonzalez Velasco, Leandro"]
[Result "1-0"]
[WhiteElo "2301"]
[BlackElo "1999"]
[PlyCount "90"]
[EventDate "2022.09.06"]
[EventType "team-swiss"]
[EventRounds "7"]
[EventCountry "COL"]
[SourceTitle "CBM 210 Extra"]
[Source "ChessBase"]
[SourceDate "2022.11.30"]
[SourceVersion "1"]
[SourceVersionDate "2022.11.30"]
[SourceQuality "1"]
[WhiteTeam "Cundinamarca II"]
[BlackTeam "Valle II"]
[WhiteTeamCountry "COL"]
[BlackTeamCountry "COL"]

1. e4 c5 2. Nf3 d6 3. d4 cxd4 4. Nxd4 Nf6 5. Nc3 Nc6 6. Be2 g6 7. 0-0 Bg7 8. Nb3 0-0 9. Bg5 Be6 10. Re1 Rc8 11. Bf1 h6 12. Bh4 Nh5 13. Rb1 Ne5 14. Nd4 Bg4 15. f3 Bd7 16. Nd5 g5 17. Bf2 e6 18. Ne3 Bc6 19. c4 Qe7 20. Rc1 Nf4 21. g3 Nfg6 22. Bg2 Qf6 23. Qe2 Ne7 24. Red1 Rfd8 25. Rc2 Rd7 26. Rcd2 Rcd8 27. b3 d5 28. exd5 exd5 29. Bh3 Rc7 30. Ng4 Nxg4 31. Bxg4 Re8 32. Nxc6 Qxc6 33. Qf1 dxc4 34. Bd7 Rxd7 35. Rxd7 c3 36. Qd3 Ng6 37. Rd8 Rxd8 38. Qxd8+ Kh7 39. Qd3 Kg8 40. Qe4 Qa6 41. a4 Qa5 42. Kg2 b5 43. Qe8+ Nf8 44. Rd7 Kh8 45. Rxf7 c2 1-0

[Event "COL-chT"]
[Site "Bucaramanga"]
[Date "2022.09.07"]
[Round "3.1"]
[White "Perez Olarte, Cesar Camilo"]
[Black "Lopez Ramirez, David Santiago"]
[Result "1/2-1/2"]
[WhiteElo "2301"]
[BlackElo "2098"]
[PlyCount "67"]
[EventDate "2022.09.06"]
[EventType "team-swiss"]
[EventRounds "7"]
[EventCountry "COL"]
[SourceTitle "CBM 210 Extra"]
[Source "ChessBase"]
[SourceDate "2022.11.30"]
[SourceVersion "1"]
[SourceVersionDate "2022.11.30"]
[SourceQuality "1"]
[WhiteTeam "Cundinamarca II"]
[BlackTeam "Cundinamarca"]
[WhiteTeamCountry "COL"]
[BlackTeamCountry "COL"]

1. e4 c5 2. Nf3 Nc6 3. Nc3 e5 4. Bc4 d6 5. d3 h6 6. Nd2 Nf6 7. Nf1 Bg4 8. f3 Be6 9. Ne3 Be7 10. 0-0 a6 11. a4 Nb4 12. Bxe6 fxe6 13. Ne2 0-0 14. f4 Nc6 15. c3 Nh5 16. f5 Bg5 17. fxe6 Bxe3+ 18. Bxe3 Qe7 19. Qb3 Nd8 20. Rf5 Nf6 21. Raf1 Kh7 22. d4 exd4 23. cxd4 Qxe6 24. Qc2 g6 25. Nf4 Qe8 26. e5 gxf5 27. Qxf5+ Kg8 28. exf6 Qxe3+ 29. Rf2 Rf7 30. d5 Qc1+ 31. Rf1 Qe3+ 32. Rf2 Qc1+ 33. Rf1 Qe3+ 34. Rf2 1/2-1/2

[Event "COL-chT"]
[Site "Bucaramanga"]
[Date "2022.09.06"]
[Round "1.1"]
[White "Garcia Meza, Dayner Ricardo"]
[Black "Perez Olarte, Cesar Camilo"]
[Result "0-1"]
[WhiteElo "1600"]
[BlackElo "2301"]
[PlyCount "46"]
[EventDate "2022.09.06"]
[EventType "team-swiss"]
[EventRounds "7"]
[EventCountry "COL"]
[SourceTitle "CBM 210 Extra"]
[Source "ChessBase"]
[SourceDate "2022.11.30"]
[SourceVersion "1"]
[SourceVersionDate "2022.11.30"]
[SourceQuality "1"]
[WhiteTeam "Guajira II"]
[BlackTeam "Cundinamarca II"]
[WhiteTeamCountry "COL"]
[BlackTeamCountry "COL"]

1. e4 c5 2. Nf3 Nc6 3. Nc3 e5 4. Bb5 d6 5. d3 Nf6 6. h3 Be7 7. a3 0-0 8. 0-0 h6 9. Be3 Be6 10. Ne2 Nd4 11. Bxd4 cxd4 12. c3 dxc3 13. bxc3 Rc8 14. Qd2 a6 15. Ba4 b5 16. Bc2 Qc7 17. Rfc1 d5 18. d4 exd4 19. cxd4 dxe4 20. Bxe4 Nxe4 21. Rxc7 Nxd2 22. Rxe7 Nxf3+ 23. gxf3 Bxh3 0-1

[Event "COL-chT 21st"]
[Site "Cartagena"]
[Date "2019.11.30"]
[Round "4.3"]
[White "Ruiz Aguilar, Pablo Alexander"]
[Black "Perez Olarte, Cesar Camilo"]
[Result "1-0"]
[WhiteElo "2165"]
[BlackElo "2133"]
[PlyCount "97"]
[EventDate "2019.11.30"]
[EventType "team-swiss"]
[EventRounds "9"]
[EventCountry "COL"]
[SourceTitle "CBM 195 Extra"]
[Source "ChessBase"]
[SourceDate "2020.05.31"]
[SourceVersion "1"]
[SourceVersionDate "2020.05.31"]
[SourceQuality "1"]
[WhiteTeam "Santander"]
[BlackTeam "Cudinamarca"]
[WhiteTeamCountry "COL"]
[BlackTeamCountry "COL"]

1. e4 c5 2. Nf3 d6 3. d4 cxd4 4. Nxd4 Nf6 5. Nc3 a6 6. Be2 e5 7. Nb3 Be7 8. 0-0 0-0 9. Kh1 b5 10. a4 b4 11. Nd5 Nxe4 12. Bf3 f5 13. Nxe7+ Qxe7 14. Bxe4 fxe4 15. Qd5+ Be6 16. Qxa8 d5 17. Bd2 Qc7 18. Bxb4 Rc8 19. Nc5 Nc6 20. Qxa6 Bf7 21. Ba3 d4 22. Nxe4 Bd5 23. f3 Ne7 24. Qd6 Qxd6 25. Bxd6 Nf5 26. Bxe5 Rxc2 27. Rfc1 Rxb2 28. a5 h5 29. a6 Kh7 30. a7 Ba8 31. Ng5+ Kg6 32. Ne4 Re2 33. Re1 Rc2 34. Nd6 Ne3 35. Bxd4 Nxg2 36. Ne4 Nf4 37. Rg1+ Kf5 38. Ra5+ Ke6 39. Ra6+ Kd5 40. Bxg7 Nh3 41. Rf1 Kc4 42. Ra4+ Kd3 43. Raa1 Nf4 44. Rad1+ Kc4 45. Rd4+ Kb5 46. Nd6+ Kc6 47. Rxf4 Kxd6 48. Rd1+ Ke6 49. Bd4 1-0

[Event "COL-chT rapid"]
[Site "Cartagena"]
[Date "2019.11.29"]
[Round "5.1"]
[White "Cuartas, Jaime Alexander"]
[Black "Perez Olarte, Cesar Camilo"]
[Result "1-0"]
[WhiteElo "2512"]
[BlackElo "2238"]
[PlyCount "75"]
[EventDate "2019.11.29"]
[EventType "team-swiss"]
[EventRounds "7"]
[EventCountry "COL"]
[SourceTitle "CBM 193 Extra"]
[Source "ChessBase"]
[SourceDate "2020.01.31"]
[SourceVersion "1"]
[SourceVersionDate "2020.01.31"]
[SourceQuality "1"]
[WhiteTeam "Antioquia"]
[BlackTeam "Cundinamarca"]
[WhiteTeamCountry "COL"]
[BlackTeamCountry "COL"]

1. e4 c5 2. Nf3 d6 3. Bb5+ Nd7 4. d4 cxd4 5. Qxd4 a6 6. Bc4 Ngf6 7. a4 g6 8. Nc3 Bg7 9. Bxf7+ Kxf7 10. Ng5+ Ke8 11. Ne6 Qa5 12. Bd2 Qe5 13. Nc7+ Kd8 14. Qxe5 Nxe5 15. Nxa8 Nc4 16. a5 Nd7 17. Ra4 Nde5 18. b3 Nxd2 19. Kxd2 Rf8 20. f3 Bd7 21. Ra2 g5 22. h3 h5 23. Ne2 Bc6 24. Nd4 Bd7 25. Nb6 g4 26. hxg4 hxg4 27. Nxd7 Kxd7 28. Ke2 Ng6 29. Nf5 Be5 30. Rh7 g3 31. c4 Re8 32. b4 Kc6 33. Ke3 Bf4+ 34. Kd3 Ne5+ 35. Kc3 Kd7 36. Rc2 Ng6 37. Kb3 Be5 38. c5 1-0

[Event "COL-chT"]
[Site "Cartagena"]
[Date "2019.11.27"]
[Round "6.1"]
[White "Cadena Montoya, Gustavo Adolfo"]
[Black "Perez Olarte, Cesar Camilo"]
[Result "0-1"]
[WhiteElo "2168"]
[BlackElo "2273"]
[PlyCount "110"]
[EventDate "2019.11.24"]
[EventType "team-swiss"]
[EventRounds "7"]
[EventCountry "COL"]
[SourceTitle "CBM 193 Extra"]
[Source "ChessBase"]
[SourceDate "2020.01.31"]
[SourceVersion "1"]
[SourceVersionDate "2020.01.31"]
[SourceQuality "1"]
[WhiteTeam "Caqueta"]
[BlackTeam "Cundinamarca"]
[WhiteTeamCountry "COL"]
[BlackTeamCountry "COL"]

1. d4 Nf6 2. c4 e6 3. Nf3 b6 4. g3 Bb7 5. Bg2 g6 6. Nc3 Bg7 7. 0-0 Ne4 8. Nxe4 Bxe4 9. Bg5 Qc8 10. Qd2 h6 11. Be3 d6 12. Rac1 Qb7 13. c5 g5 14. cxd6 cxd6 15. Qb4 Nc6 16. Qd2 Ne7 17. h4 g4 18. Ne1 Nf5 19. Qd3 d5 20. Qd2 0-0 21. f3 gxf3 22. exf3 Nxe3 23. Qxe3 Bh7 24. Nd3 Bxd3 25. Qxd3 Rac8 26. f4 Rxc1 27. Rxc1 Rc8 28. Rf1 Qc7 29. f5 Qc2 30. Qa6 Bxd4+ 31. Kh1 Qc4 32. Qxa7 Qc7 33. Qa3 Bg7 34. Qf3 Qe5 35. Bh3 Kh8 36. Rf2 Rc1+ 37. Kh2 Qe1 38. Bg2 Qd1 39. Qe3 Qg1+ 40. Kh3 Rc2 41. Re2 Qxe3 42. Rxe3 Bd4 43. Rd3 Bxb2 44. Bf3 Kg7 45. Bg4 Kf6 46. fxe6 fxe6 47. Rf3+ Ke7 48. Rb3 Bd4 49. a3 e5 50. Bf5 Rf2 51. Kg4 e4 52. Rb4 Bc5 53. Ra4 e3 54. Ra7+ Kf6 55. Bh7 e2 0-1

[Event "COL-chT"]
[Site "Cartagena"]
[Date "2019.11.26"]
[Round "5.1"]
[White "Perez Olarte, Cesar Camilo"]
[Black "Mendoza, Rafael"]
[Result "1/2-1/2"]
[WhiteElo "2273"]
[BlackElo "2303"]
[PlyCount "48"]
[EventDate "2019.11.24"]
[EventType "team-swiss"]
[EventRounds "7"]
[EventCountry "COL"]
[SourceTitle "CBM 193 Extra"]
[Source "ChessBase"]
[SourceDate "2020.01.31"]
[SourceVersion "1"]
[SourceVersionDate "2020.01.31"]
[SourceQuality "1"]
[WhiteTeam "Cundinamarca"]
[BlackTeam "Atlantico"]
[WhiteTeamCountry "COL"]
[BlackTeamCountry "COL"]

1. e4 e5 2. Nf3 Nc6 3. Bb5 a6 4. Ba4 Nf6 5. 0-0 Be7 6. Re1 b5 7. Bb3 0-0 8. h3 Bb7 9. a4 Na5 10. Ba2 Nxe4 11. d3 Nf6 12. Nxe5 d6 13. Nf3 c5 14. Nc3 b4 15. Ne4 Nxe4 16. dxe4 b3 17. cxb3 Nc6 18. Bb1 Bf6 19. Bd3 Nb4 20. Bc4 Re8 21. Bd2 Rxe4 22. Rxe4 Bxe4 23. Bxb4 cxb4 24. Bd5 Bxf3 1/2-1/2

[Event "COL-chT"]
[Site "Cartagena"]
[Date "2019.11.25"]
[Round "3.1"]
[White "Romero Martinez, Filadelfo"]
[Black "Perez Olarte, Cesar Camilo"]
[Result "0-1"]
[WhiteElo "2049"]
[BlackElo "2273"]
[PlyCount "114"]
[EventDate "2019.11.24"]
[EventType "team-swiss"]
[EventRounds "7"]
[EventCountry "COL"]
[SourceTitle "CBM 193 Extra"]
[Source "ChessBase"]
[SourceDate "2020.01.31"]
[SourceVersion "1"]
[SourceVersionDate "2020.01.31"]
[SourceQuality "1"]
[WhiteTeam "Sucre"]
[BlackTeam "Cundinamarca"]
[WhiteTeamCountry "COL"]
[BlackTeamCountry "COL"]

1. e4 c5 2. Nf3 d6 3. c4 Nf6 4. Nc3 a6 5. d4 cxd4 6. Nxd4 e6 7. Be2 Qc7 8. 0-0 Be7 9. Be3 b6 10. Qc2 Bb7 11. Rad1 0-0 12. Rd2 Nbd7 13. f3 Rac8 14. b3 b5 15. Nd1 bxc4 16. Qxc4 Qxc4 17. Bxc4 d5 18. exd5 Nxd5 19. Bf2 Bg5 20. Re2 N7b6 21. Nb2 Rfd8 22. Nxe6 fxe6 23. Bxb6 Nxb6 24. Bxe6+ Kf8 25. Bxc8 Rxc8 26. Rd1 Nd5 27. Na4 Nc3 28. Nxc3 Rxc3 29. Kf2 Bc6 30. Kg3 Be7 31. Re6 Kf7 32. Re2 g5 33. Rdd2 Bb5 34. Re4 h5 35. h4 g4 36. a4 Bc6 37. Rc4 Rxc4 38. bxc4 gxf3 39. gxf3 a5 40. Kf4 Bb4 41. Ra2 Kf6 42. Ke3 Ke5 43. Rg2 Bc5+ 44. Ke2 Be7 45. Ke3 Bxh4 46. f4+ Kf5 47. Rh2 Kg4 48. Rb2 Bg3 49. Rb6 Bxf4+ 50. Kd3 Bxa4 51. Ra6 h4 52. Rxa5 Bd7 53. Ke2 h3 54. Kf1 h2 55. Kg2 Bc6+ 56. Rd5 Bb7 57. Kh1 Kg3 0-1

[Event "COL pre olympic sf3"]
[Site "Dosquebradas"]
[Date "2018.06.02"]
[Round "7"]
[White "Corredor Rengifo, Luis Fernando"]
[Black "Perez Olarte, Cesar Camilo"]
[Result "0-1"]
[WhiteElo "2091"]
[BlackElo "2264"]
[PlyCount "36"]
[EventDate "2018.05.30"]
[EventType "swiss"]
[EventRounds "10"]
[EventCountry "COL"]
[SourceTitle "CBM 184 Extra"]
[Source "ChessBase"]
[SourceDate "2018.06.28"]
[SourceVersion "1"]
[SourceVersionDate "2018.06.28"]
[SourceQuality "1"]

1. d4 Nf6 2. Nf3 e6 3. c4 b6 4. Nc3 Bb4 5. Qb3 c5 6. Bg5 Nc6 7. e3 h6 8. Bxf6 Qxf6 9. a3 Bxc3+ 10. Qxc3 Ba6 11. Rc1 Rc8 12. b4 cxd4 13. exd4 Ne7 14. Qd2 0-0 15. Be2 Ng6 16. Qe3 Nf4 17. Rg1 Nxe2 18. Qxe2 Rxc4 0-1

[Event "COL pre olympic sf3"]
[Site "Dosquebradas"]
[Date "2018.06.01"]
[Round "4"]
[White "Perez Olarte, Cesar Camilo"]
[Black "Lopez Rayo, Santiago"]
[Result "1-0"]
[WhiteElo "2264"]
[BlackElo "1727"]
[PlyCount "33"]
[EventDate "2018.05.30"]
[EventType "swiss"]
[EventRounds "10"]
[EventCountry "COL"]
[SourceTitle "CBM 184 Extra"]
[Source "ChessBase"]
[SourceDate "2018.06.28"]
[SourceVersion "1"]
[SourceVersionDate "2018.06.28"]
[SourceQuality "1"]

1. e4 c5 2. Nf3 g6 3. d4 cxd4 4. Nxd4 Bg7 5. Nb3 Nc6 6. Be2 Nf6 7. Nc3 0-0 8. 0-0 d6 9. Bg5 Be6 10. Re1 Rc8 11. Bf1 Na5 12. e5 Nxb3 13. axb3 dxe5 14. Rxa7 Rc7 15. Qxd8 Rxd8 16. Be3 Rdd7 17. Ra8+ 1-0

[Event "COL-chT"]
[Site "Ibague"]
[Date "2017.07.20"]
[Round "4.2"]
[White "Florez Salazar, Luis Angel"]
[Black "Perez Olarte, Cesar Camilo"]
[Result "0-1"]
[WhiteElo "2051"]
[BlackElo "2257"]
[PlyCount "62"]
[EventDate "2017.07.19"]
[EventType "team-swiss"]
[EventRounds "6"]
[EventCountry "COL"]
[SourceTitle "CBM 179 Extra"]
[Source "ChessBase"]
[SourceDate "2017.08.23"]
[SourceVersion "1"]
[SourceVersionDate "2017.08.23"]
[SourceQuality "1"]
[WhiteTeam "Cauca"]
[BlackTeam "Cundinamarca"]
[WhiteTeamCountry "COL"]
[BlackTeamCountry "COL"]

1. e4 c5 2. Nf3 d6 3. d4 cxd4 4. Nxd4 Nf6 5. Nc3 a6 6. f4 e5 7. Nf3 Qc7 8. Bd3 Be7 9. 0-0 0-0 10. a4 b6 11. Kh1 Bb7 12. Qe1 Nbd7 13. fxe5 dxe5 14. Nh4 Nc5 15. Nf5 Ne6 16. Nd5 Nxd5 17. exd5 Bxd5 18. Nxe7+ Qxe7 19. Qxe5 Qb7 20. Qg3 Be4 21. Ra3 Rac8 22. Qf2 Rc5 23. Be3 Rf5 24. Qe2 Rxf1+ 25. Qxf1 Bxd3 26. Rxd3 Rc8 27. Qd1 Qe4 28. h3 h6 29. Qd2 b5 30. axb5 axb5 31. Qf2 b4 0-1

[Event "COL-chT Cup"]
[Site "Bogota"]
[Date "2015.06.08"]
[Round "5.2"]
[White "Orejuela, Arcindo"]
[Black "Perez Olarte, Cesar Camilo"]
[Result "0-1"]
[WhiteElo "2067"]
[BlackElo "2201"]
[PlyCount "66"]
[EventDate "2015.06.06"]
[EventType "team-swiss"]
[EventRounds "6"]
[EventCountry "COL"]
[SourceTitle "CBM 166 Extra"]
[Source "ChessBase"]
[SourceDate "2015.06.18"]
[SourceVersion "1"]
[SourceVersionDate "2015.06.18"]
[SourceQuality "1"]
[WhiteTeam "Choco"]
[BlackTeam "Marca"]
[WhiteTeamCountry "COL"]
[BlackTeamCountry "COL"]

1. e4 c5 2. Nf3 a6 3. Nc3 d6 4. d4 cxd4 5. Nxd4 Nf6 6. Bd3 e5 7. Nde2 Be7 8. 0-0 0-0 9. Ng3 b5 10. a3 g6 11. f4 exf4 12. Bxf4 Nc6 13. Kh1 Be6 14. Qd2 Ne5 15. Rad1 Re8 16. Be2 Rc8 17. Nd5 Bxd5 18. exd5 Nfd7 19. Bh6 Bf8 20. Bg5 Be7 21. Bh6 Bf8 22. Bg5 Qc7 23. c3 Bg7 24. Bh6 Bxh6 25. Qxh6 Nf8 26. Ne4 Ned7 27. Bd3 f5 28. Ng5 Ne5 29. Qh4 Qe7 30. Qg3 Ng4 31. Nf3 Qf6 32. Rde1 Ne3 33. Rg1 Nxd5 0-1

[Event "Medellin Easter op"]
[Site "Medellin"]
[Date "2015.??.??"]
[Round "4"]
[White "Arango, Andres Mauricio"]
[Black "Perez Olarte, Cesar Camilo"]
[Result "0-1"]
[WhiteElo "2094"]
[BlackElo "2185"]
[PlyCount "44"]
[EventDate "2015.04.01"]
[EventType "swiss"]
[EventRounds "9"]
[EventCountry "COL"]
[SourceTitle "CBM 165 Extra"]
[Source "ChessBase"]
[SourceDate "2015.04.21"]
[SourceVersion "1"]
[SourceVersionDate "2015.04.21"]
[SourceQuality "1"]

1. e4 c5 2. Nc3 a6 3. a4 d6 4. Nge2 Nf6 5. d4 cxd4 6. Nxd4 e6 7. Bc4 Be7 8. Be3 0-0 9. Qe2 Nc6 10. Ba2 Bd7 11. f4 Nxd4 12. Bxd4 e5 13. fxe5 dxe5 14. Bxe5 Qa5 15. Bd4 Bg4 16. Qd2 Rad8 17. Nd5 Qxd2+ 18. Kxd2 Nxe4+ 19. Ke3 Rfe8 20. Kxe4 Be2 21. Kf4 Bd6+ 22. Kf5 h6 0-1

[Event "Medellin Easter op"]
[Site "Medellin"]
[Date "2015.??.??"]
[Round "2"]
[White "Perez Olarte, Cesar Camilo"]
[Black "Barco Cardona, Juan Carlos"]
[Result "0-1"]
[WhiteElo "2185"]
[BlackElo "2038"]
[PlyCount "90"]
[EventDate "2015.04.01"]
[EventType "swiss"]
[EventRounds "9"]
[EventCountry "COL"]
[SourceTitle "CBM 165 Extra"]
[Source "ChessBase"]
[SourceDate "2015.04.21"]
[SourceVersion "1"]
[SourceVersionDate "2015.04.21"]
[SourceQuality "1"]

1. e4 Nc6 2. Nf3 d5 3. Nc3 d4 4. Ne2 e5 5. Ng3 h5 6. h4 Bg4 7. Be2 Qd7 8. d3 Bb4+ 9. Bd2 Bxd2+ 10. Qxd2 f6 11. Nh2 Bxe2 12. Qxe2 g6 13. Nhf1 Qd6 14. Nd2 Nh6 15. 0-0-0 Qe6 16. Kb1 Nb4 17. Nb3 a5 18. Nc1 Ng4 19. Nf1 f5 20. f3 Nf6 21. Nd2 Kf7 22. Rdf1 Nc6 23. f4 exf4 24. Rxf4 Ne7 25. Nf3 Qb6 26. Qf2 c5 27. Qg3 Ng4 28. Rf1 Ne3 29. Ne5+ Kg7 30. exf5 Nxf1 31. Rxf1 Qf6 32. Nc4 Nxf5 33. Qf3 Qe7 34. Nb3 Rhf8 35. Rh1 Nh6 36. Qd1 a4 37. Nbd2 b5 38. Re1 Qc7 39. Na3 Rab8 40. Ne4 Qc6 41. Qd2 Rb7 42. Qg5 Rf5 43. Qg3 Re7 44. Qb8 c4 45. dxc4 Qxe4 0-1

[Event "Medellin Easter op"]
[Site "Medellin"]
[Date "2015.??.??"]
[Round "6"]
[White "Sierra Mejia, Juan Pablo"]
[Black "Perez Olarte, Cesar Camilo"]
[Result "0-1"]
[WhiteElo "1998"]
[BlackElo "2185"]
[PlyCount "40"]
[EventDate "2015.04.01"]
[EventType "swiss"]
[EventRounds "9"]
[EventCountry "COL"]
[SourceTitle "CBM 165 Extra"]
[Source "ChessBase"]
[SourceDate "2015.04.21"]
[SourceVersion "1"]
[SourceVersionDate "2015.04.21"]
[SourceQuality "1"]

1. d4 Nf6 2. Bg5 d5 3. Bxf6 exf6 4. e3 Bd6 5. c4 dxc4 6. Bxc4 0-0 7. Nc3 f5 8. Nge2 Nd7 9. Qc2 Nf6 10. Bd3 g6 11. 0-0-0 Be6 12. f3 Nd5 13. Nxd5 Bxd5 14. Nc3 Be6 15. h4 c5 16. d5 Bd7 17. h5 Rc8 18. hxg6 fxg6 19. b3 c4 20. bxc4 b5 0-1

[Event "Mosquera op"]
[Site "Mosquera"]
[Date "2014.11.02"]
[Round "6"]
[White "Perez Olarte, Cesar Camilo"]
[Black "Juez, Jhon Alexander"]
[Result "0-1"]
[WhiteElo "2231"]
[BlackElo "2045"]
[PlyCount "84"]
[EventDate "2014.10.30"]
[EventType "swiss"]
[EventRounds "9"]
[EventCountry "COL"]
[SourceTitle "EXT 2015"]
[Source "ChessBase"]
[SourceDate "2014.11.20"]
[SourceVersion "1"]
[SourceVersionDate "2014.11.20"]
[SourceQuality "1"]

1. e4 e5 2. Nf3 Nc6 3. Bb5 a6 4. Ba4 d6 5. c4 Bd7 6. d4 Nxd4 7. Bxd7+ Qxd7 8. Nxd4 exd4 9. Qxd4 Nf6 10. Nc3 Be7 11. 0-0 0-0 12. b3 Qg4 13. Bb2 c6 14. f3 Qg6 15. Rad1 Rad8 16. Kh1 Nh5 17. Bc1 Bf6 18. Qd3 Be5 19. Ne2 d5 20. cxd5 cxd5 21. f4 Bc7 22. exd5 Qxd3 23. Rxd3 Nf6 24. Nc3 Ba5 25. Ba3 Rfe8 26. b4 Bb6 27. Bb2 Ng4 28. Nd1 Re2 29. h3 Nf2+ 30. Nxf2 Rxb2 31. Ne4 Rxb4 32. Re1 h6 33. d6 f5 34. Nc3 Rd4 35. Rxd4 Bxd4 36. Nd5 Rxd6 37. Ne7+ Kf7 38. Nxf5 Rd8 39. Rd1 Bf6 40. Rxd8 Bxd8 41. Nd6+ Ke7 42. Nxb7 Bb6 0-1

[Event "Mosquera op"]
[Site "Mosquera"]
[Date "2014.10.31"]
[Round "2"]
[White "Perez Olarte, Cesar Camilo"]
[Black "Prieto, Ernesto"]
[Result "1/2-1/2"]
[WhiteElo "2231"]
[BlackElo "2089"]
[PlyCount "31"]
[EventDate "2014.10.30"]
[EventType "swiss"]
[EventRounds "9"]
[EventCountry "COL"]
[SourceTitle "EXT 2015"]
[Source "ChessBase"]
[SourceDate "2014.11.20"]
[SourceVersion "1"]
[SourceVersionDate "2014.11.20"]
[SourceQuality "1"]

1. e4 e5 2. Nf3 Nc6 3. Bb5 a6 4. Ba4 Nf6 5. Bxc6 dxc6 6. d3 Bd6 7. 0-0 0-0 8. Nbd2 Be6 9. b3 Qe7 10. Qe2 Rab8 11. Re1 Bb4 12. a3 Bc3 13. Rb1 Rfe8 14. h3 h6 15. Nc4 Bxc4 16. dxc4 1/2-1/2

[Event "Mosquera op"]
[Site "Mosquera"]
[Date "2014.10.30"]
[Round "1"]
[White "Motta Leon, Gerardo"]
[Black "Perez Olarte, Cesar Camilo"]
[Result "0-1"]
[WhiteElo "2010"]
[BlackElo "2231"]
[PlyCount "37"]
[EventDate "2014.10.30"]
[EventType "swiss"]
[EventRounds "9"]
[EventCountry "COL"]
[SourceTitle "EXT 2015"]
[Source "ChessBase"]
[SourceDate "2014.11.20"]
[SourceVersion "1"]
[SourceVersionDate "2014.11.20"]
[SourceQuality "1"]

1. e4 c5 2. Nc3 Nc6 3. Nge2 d6 4. d4 cxd4 5. Nxd4 Nf6 6. Be2 g6 7. 0-0 Bg7 8. Be3 0-0 9. Qd2 Ng4 10. Bxg4 Bxg4 11. f3 Bd7 12. Nxc6 bxc6 13. Bd4 Rb8 14. b3 Qa5 15. Bxg7 Kxg7 16. Qd4+ Kg8 17. Ne2 c5 18. Qe3 Bc6 19. c4 0-1

[Event "COL-ch sf"]
[Site "Medellin"]
[Date "2014.??.??"]
[Round "9"]
[White "Arango Arenas, Juan Camilo"]
[Black "Perez Olarte, Cesar Camilo"]
[Result "1/2-1/2"]
[WhiteElo "2126"]
[BlackElo "2235"]
[PlyCount "72"]
[EventDate "2014.04.15"]
[EventType "swiss"]
[EventRounds "11"]
[EventCountry "COL"]
[SourceTitle "CBM 160 Extra"]
[Source "ChessBase"]
[SourceDate "2014.07.01"]
[SourceVersion "1"]
[SourceVersionDate "2014.07.01"]
[SourceQuality "1"]

1. e4 c5 2. Nf3 Nc6 3. d4 cxd4 4. Nxd4 e5 5. Nb5 d6 6. N1c3 a6 7. Na3 b5 8. Nd5 Nge7 9. c4 Nxd5 10. Qxd5 Bd7 11. Qd1 b4 12. Nc2 Be7 13. g3 0-0 14. Bg2 Be6 15. b3 a5 16. 0-0 a4 17. Bb2 Qb6 18. Qd3 Na5 19. Ne3 Nb7 20. Nf5 Bf6 21. Rad1 axb3 22. axb3 Ra2 23. Bc1 Rfa8 24. Be3 Nc5 25. Qb1 Bxf5 26. exf5 R8a3 27. Rd5 e4 28. Bxc5 dxc5 29. Qxe4 Ra8 30. Re1 h6 31. Bf3 Qc7 32. Bh5 Rf8 33. Re3 Ra1+ 34. Kg2 Rc1 35. Red3 Rc3 36. Rd7 Qe5 1/2-1/2

[Event "COL-ch sf"]
[Site "Medellin"]
[Date "2014.??.??"]
[Round "4"]
[White "Perez Olarte, Cesar Camilo"]
[Black "Escobar Medina, Andres F"]
[Result "1/2-1/2"]
[WhiteElo "2235"]
[BlackElo "2053"]
[PlyCount "37"]
[EventDate "2014.04.15"]
[EventType "swiss"]
[EventRounds "11"]
[EventCountry "COL"]
[SourceTitle "CBM 160 Extra"]
[Source "ChessBase"]
[SourceDate "2014.07.01"]
[SourceVersion "1"]
[SourceVersionDate "2014.07.01"]
[SourceQuality "1"]

1. e4 d6 2. d4 Nf6 3. Nc3 g6 4. Nf3 Bg7 5. Bg5 0-0 6. Be2 c6 7. a4 Qc7 8. Qd2 Nbd7 9. 0-0 e5 10. Rad1 exd4 11. Nxd4 Nc5 12. Qf4 Qe7 13. Qh4 h6 14. Bxh6 Bxh6 15. Qxh6 Nfxe4 16. Nf3 Re8 17. Rfe1 Bg4 18. Nxe4 Nxe4 19. h3 1/2-1/2

[Event "COL-ch sf"]
[Site "Medellin"]
[Date "2014.??.??"]
[Round "10"]
[White "Perez Olarte, Cesar Camilo"]
[Black "Zapata Cuartas, Juan Carlos"]
[Result "1-0"]
[WhiteElo "2235"]
[BlackElo "2102"]
[PlyCount "43"]
[EventDate "2014.04.15"]
[EventType "swiss"]
[EventRounds "11"]
[EventCountry "COL"]
[SourceTitle "CBM 160 Extra"]
[Source "ChessBase"]
[SourceDate "2014.07.01"]
[SourceVersion "1"]
[SourceVersionDate "2014.07.01"]
[SourceQuality "1"]

1. e4 c5 2. Nf3 d6 3. d4 cxd4 4. Nxd4 Nf6 5. Nc3 a6 6. Be2 e5 7. Nb3 Be7 8. Bg5 0-0 9. Bxf6 Bxf6 10. Qd3 Be6 11. 0-0-0 Qb6 12. Qxd6 Qxf2 13. Nc5 Bxa2 14. Nxa2 Qxe2 15. Nc3 Qe3+ 16. Kb1 Nc6 17. Nd5 Qh6 18. Nd7 Rad8 19. Rhf1 Kh8 20. Rd3 Rfe8 21. Rh3 Qd2 22. N5xf6 1-0